Portuguese voyages to America in the fifteenth century / (Record no. 7412)
[ view plain ]
| 000 -CABECERA | |
|---|---|
| campo de control de longitud fija | 00749cam a2200193 a 4500 |
| 001 - NÚMERO DE CONTROL | |
| campo de control | 000007632 |
| 005 - FECHA Y HORA DE LA ÚLTIMA TRANSACCIÓN | |
| campo de control | 20200929154235.0 |
| 008 - DATOS DE LONGITUD FIJA--INFORMACIÓN GENERAL | |
| campo de control de longitud fija | 771208s1940 mauab 001 0 eng |
| 040 ## - FUENTE DE LA CATALOGACIÓN | |
| Centro catalogador/agencia de origen | DO-SdBNP |
| Lengua de catalogación | spa |
| Centro/agencia transcriptor | BNPHU |
| 082 ## - NÚMERO DE LA CLASIFICACIÓN DECIMAL DEWEY | |
| Número de clasificación | 973.16 |
| -- | M861p |
| 100 1# - ENTRADA PRINCIPAL--NOMBRE DE PERSONA | |
| Nombre de persona | Morison, Samuel Eliot, |
| Fechas asociadas al nombre | 1887-1976. |
| 9 (RLIN) | 4889 |
| 245 10 - MENCIÓN DE TÍTULO | |
| Título | Portuguese voyages to America in the fifteenth century / |
| Mención de responsabilidad, etc. | Samuel Eliot Morison. |
| 260 ## - PUBLICACIÓN, DISTRIBUCIÓN, ETC. | |
| Lugar de publicación, distribución, etc. | Cambridge : |
| Nombre del editor, distribuidor, etc. | Harvard University Press, |
| Fecha de publicación, distribución, etc. | 1940. |
| 300 ## - DESCRIPCIÓN FÍSICA | |
| Extensión | xiv, 151 p. : |
| Otras características físicas | il., maps. ; |
| Dimensiones | 21 cm. |
| 490 1# - MENCIÓN DE SERIE | |
| Mención de serie | Harvard Historical Monographs |
| Designación de volumen o secuencia | XIV |
| 651 #0 - PUNTO DE ACCESO ADICIONAL DE MATERIA--NOMBRE GEOGRÁFICO | |
| Nombre geográfico | America |
| Subdivisión general | Discovery And Exploration |
| -- | Portuguese. |
| 9 (RLIN) | 21174 |
| 651 #0 - PUNTO DE ACCESO ADICIONAL DE MATERIA--NOMBRE GEOGRÁFICO | |
| Nombre geográfico | Portugal |
| Subdivisión general | History |
| Subdivisión cronológica | Period of discoveries, 1385-1580. |
| 9 (RLIN) | 21175 |
| 830 #0 - PUNTO DE ACCESO ADICIONAL DE SERIE-TÍTULO UNIFORME | |
| Título uniforme | Harvard Historical Monographs ; |
| Designación de volumen o secuencia | XIV |
| 9 (RLIN) | 21176 |
| Estado de retiro | Estado de pérdida | Restricciones de uso | No para préstamo | Código de colección | Localización permanente | Ubicación/localización actual | Ubicación en estantería | Fecha de adquisición | Número de inventario | Total de préstamos | Signatura topográfica completa | Código de barras | Fecha visto por última vez | Precio válido a partir de | Tipo de ítem Koha |
|---|---|---|---|---|---|---|---|---|---|---|---|---|---|---|---|
| Préstamo interno | Monografías: Libros y Folletos | General | General | En catalogación | 09.09.2009 | LF1 | 973.16 | 7632-10 | 25.06.2020 | 25.06.2020 | Préstamo interno |
